ZRT Trackmania Cup 2021 - Statistiques

Statistiques générales
  • Ce quiz a été pris 769 fois
  • Le résultat moyen est 25 sur 45
Statistiques - réponses
Hint Réponse % Correct
Teammate de CarlJr et Bren Kenny
98%
Mot apparaissant dans chaque nom de map Eau
97%
Vainqueurs de la compétition Aurel / Papou / Gwen
94%
A apporté son trophée Bren
91%
Nombre total de maps 13
88%
Nombre de nations représentées en 1/2 finales 4
86%
Team YAA Yannex / Akross / Acide
84%
Premiers à atteindre le statut de finaliste en finale Gwen / Aurel
81%
Possède les WRs sur toutes les maps sauf une Gwen
80%
A gagné 1€ de plus que ses teammates Aurel
79%
Limit tester Badlulu
79%
Animal derrière ZeratoR lors du cast des phases finales Canard
69%
Team KEN Khalen / Etoiles / Nykho
69%
Partenaires de l'événement Nadeo / Twitch / Thrustmaster / OVH
69%
Nombre de joueurs ayant été en 1/2 finale à la fois en 2021 et avant 2021 (sur 27 joueurs) 9
68%
Ce que représentait le bureau de cast de ZeratoR lors des phases finales Barbecue
65%
Joueur à avoir inscrit le plus de points sur tous les tours cumulés avant les 1/2 finales (22 748) Bren
65%
Joueurs BS+ en finale Snow / Dofault / Glast / Tjalic
65%
Nombre de joueurs non francophones en 1/4 de finale 12
62%
Nombre de joueurs BPP en 1/2 finale 6
62%
Joueur à avoir inscrit le plus de points sur le jour 1 des qualifications (19 982) CarlJr
61%
Joueur le plus vieux des 1/2 finales Yannex
56%
Nombre total de joueurs en 1/4 de finale 81
53%
Joueur ayant gagné la 3ème 1/2 finale Snow
53%
Nom de la map 01 Eau Aime Jet
52%
Joueur des 1/2 finales à avoir scoré le moins de points lors des qualifications (hors Kenny) Ayako
50%
Joueur en 1/2 finale jouant manette et clavier Tjalic
48%
Joueurs étant en statut de finaliste sans l'avoir validé lorsque la finale était terminée Legu / Glast
47%
Team Poppin Pac / Spam / Massa
47%
A eu des soucis de connexion pendant sa 1/2 finale MimoJr
46%
Ont fait un bootcamp de 10 jours avant/pendant les qualifications Tjalic / Glast / Dofault / Tricky / Legu / Snow
46%
"On organise une boum avec de la grenadine" ZeratoR
46%
Joueur TMGL dans le public lors de la finale Affi
43%
Personne ayant leak le trio de Gwen Son père
43%
Joueur le plus jeune des 1/2 finales Acide
42%
N'a pas réussi à valider son statut de finaliste après avoir passé 10 runs en finaliste Binks
39%
"J'ai arrêté les maths je suis désolé" Gwen
38%
Managers en 1/2 finale Alfadream / Heav / Tjalic
37%
Joueur Warthox en présentiel lors de la 1/2 finale Rin
37%
"Avant cette année je faisais les ZRT mais pas à un très haut niveau on va dire" Alfadream
26%
Joueur Forza Uganda en 1/2 finale Otaaaq
26%
"Pour cette demie j'estime qu'on peut gagner, j'estime qu'on peut perdre aussi" Wosile
24%
Team WAHEY NRGZ / Vulnerra / link
19%
Team beGenius en 1/4 de finale selon le screen officiel mais ce n'était pas la bonne team affichée Shei / Angelo / Buzy
12%
A train 05 - Eau plate Eau Riz "Zontal" plus que n'importe qui et détient le top 4 dessus Gulldiz
11%
Aucun quiz correspondant
Distribution des résultats
% des personnes avec chaque résultat
Percentile par nombre de réponses
Votre historique - résultats
Vous n’avez pas pris ce quiz